000 00761nam a2200229Ii 4500
003 JO-AjNU
008 230605s9999||||xx |||||||||||||| ||und||
017 _a2011/7/2864
020 _a978-9957-83-118-9
040 _aJO-AjNU
_bara
_erda
_cJO-AjNU
041 _aara
050 1 4 _aNX445.S37 2012
100 3 _aحليم الصراف، آمال تأليف,
_eauthor
_944253
245 0 0 _aموجز في تاريخ الفن
250 _aط1
264 3 1 _aعمان:مكتبة المجتمع العربي للنشر والتوزيع,2011
300 _a247ص
_bرسومات توضيحية
336 _atext
_btxt
_2rdacontent
337 _aunmediated
_bn
_2rdamedia
338 _avolume
_bnc
_2rdacarrier
650 4 _aتاريخ الفنون-الفن
_944254
999 _aA19093
_c22661
_d22661